000 03147cam a22012134i 4500
003 PE-LiUPU
005 20250813185559.0
008 150706s2005 sp a r 000 0 spa d
020 _a847978671X
020 _a9788479786717
035 _a(Sirsi) i9788479786717
040 _aPE-LiUPU
_bspa
_cPE-LiUPU
_dPE-LiUPU
_erda
049 _aPRUA
082 0 4 _a362.1
_bM3
_221
245 0 0 _aMedicina humanitaria /
_ceditor, Pilar Estébanez.
264 1 _aMadrid :
_bDíaz de Santos,
_c2005 .
300 _a822 páginas :
_bilustraciones ;
_c25 centímetros
336 _atext
_2rdacontent
337 _aunmediated
_2rdamedia
338 _avolume
_2rdacarrier
505 0 _aFundamentos éticos y deontológicos de la acción humanitaria -- Geopolítica y cooperación internacional -- Administración sanitaria y acción humanitaria -- El control de las enfermedades -- La acción humanitaria en emergencias y la cooperación sanitaria -- La acción humanitaria en países desarrollados.
526 _aP202
526 _aP201
526 _aP163
526 _aP162
526 _aP161
526 _aP160
526 _aP148
526 _aP147
526 _aP146
526 _aP145
526 _aP144
526 _aP143
526 _aP142
526 _aP141
526 _aP140
526 _aP139
526 _aP138
526 _aP137
526 _aP136
526 _aP135
526 _aP134
526 _aP133
526 _aP129
526 _aP128
526 _aP127
526 _aP120
526 _aP119
526 _aP118
526 _aP116
526 _aP115
526 _aP114
526 _aP110
526 _aP109
526 _aP108
526 _aP104
526 _aP103
526 _aP102
526 _aP99
526 _aP98
526 _aP97
526 _aP96
526 _aP95
526 _aP93
526 _aP90
526 _aP89
526 _aP88
526 _aP83
526 _aP82
526 _aP62
526 _aP59
526 _aP58
526 _aP57
526 _aP51
526 _aP49
526 _aP48
526 _aP47
526 _aP29
526 _aP24
526 _aP20
526 _aP19
526 _aP17
526 _aP15
526 _aP14
526 _aP12
526 _aP10
526 _aP09
526 _aP08
526 _aP07
526 _aP06
526 _aP05
526 _aP04
526 _aP01
541 _g015-0012181;
650 0 4 _aAyuda sanitaria.
650 0 4 _aEnfermedades infecciosas
_xPrevención .
700 1 _aEstébanez, Pilar,
_eeditor.
910 _agl
_bjv
_clch
_d20110113
942 _2ddc
_cBOOK
949 _a362.1 M3
_wDEWEY
_c1
_i62345
_lCCODEBUL1
_mBUL
_p156.00
_r0
_sY
_tBOOK
_u2015-7-6
_xSALUD
_PP22
_0COMPRA
_o.STAFF. Colección Ciencias de la Salud
994 _aC0
_bPEPRU
596 _a1
999 _a362.1 M3
_wDEWEY
_c51390
_i62345
_f2021-11-3
_g5
_lCCODEBUL1
_mBUL
_p156.00
_r0
_sY
_tBOOK
_u2015-7-6
_xSALUD
_zP22
_0COMPRA
_o.STAFF. Colección Ciencias de la Salud
_d51390
980 _81
_gALBERTO SANCHEZ Responsable de Automatización